Geography Quiz

Random Geography or State Quiz

US States Full of Vowels Quiz Stats

Quiz Updated Oct 8, 2017

Challenge
Share
Tweet
Score 0/10 Timer 04:00
2 Plays Today
% Correct
Ohio
74.7%
Idaho
72.6%
Iowa
71.8%
Maine
67%
Hawaii
63.7%
Alabama
61%
Indiana
57.7%
Louisiana
57.1%
Georgia
53.5%
Arizona
53.5%

You're not logged in!

Compare scores with friends on all Sporcle quizzes.
Sign Up with Email
OR
Log In

You Might Also Like...

Show Comments

Extras

Top Quizzes Today


Score Distribution

Your Account Isn't Verified!

In order to create a playlist on Sporcle, you need to verify the email address you used during registration. Go to your Sporcle Settings to finish the process.